000 00618nam a2200229Ia 4500
003 OSt
005 20220928115725.0
006 a|||||r|||| 00| 0
007 ta
008 220927b |||||||| |||| 00| 0 eng d
024 _a131740
037 _cTextual
040 _aSDCL
_cSDCL
_beng
041 _2eng
_aeng
082 _aV2:591'N4, N6
100 _aChandra Bipan
_9393729
245 0 _aBharat mein upniveshvaad aur rashtravaad
260 _aDelhi
_bAnamika Publishers
_c1996
300 _axi,344p
_ccm.
942 _hV2:591'N4, N6
_cTEXL
_2CC
999 _c760667
_d760667